<?xml version="1.0" encoding="UTF-8"?>
<record
    xmlns:xsi="http://www.w3.org/2001/XMLSchema-instance"
    xsi:schemaLocation="http://www.loc.gov/MARC21/slim http://www.loc.gov/standards/marcxml/schema/MARC21slim.xsd"
    xmlns="http://www.loc.gov/MARC21/slim">

  <leader>01338cam a2200181   4500</leader>
  <controlfield tag="001">6011</controlfield>
  <controlfield tag="008">010723s1998    enkac         001 p eng</controlfield>
  <datafield tag="020" ind1=" " ind2=" ">
    <subfield code="a">186019303X</subfield>
  </datafield>
  <datafield tag="100" ind1="1" ind2=" ">
    <subfield code="a">Browning, Elizabeth Barrett,</subfield>
    <subfield code="d">1806-1861</subfield>
  </datafield>
  <datafield tag="245" ind1="1" ind2="0">
    <subfield code="a">Elizabeth Barrett Browning :</subfield>
    <subfield code="b">a burning passion /</subfield>
    <subfield code="c">written and compiled by K.E. Sullivan</subfield>
  </datafield>
  <datafield tag="260" ind1=" " ind2=" ">
    <subfield code="a">London :</subfield>
    <subfield code="b">Brockhampton,</subfield>
    <subfield code="c">c1998</subfield>
  </datafield>
  <datafield tag="300" ind1=" " ind2=" ">
    <subfield code="a">96 p. :</subfield>
    <subfield code="b">col. ill., ports. (chiefly col.) ;</subfield>
    <subfield code="c">23 cm</subfield>
  </datafield>
  <datafield tag="490" ind1="1" ind2=" ">
    <subfield code="a">Illustrated poetry anthology</subfield>
  </datafield>
  <datafield tag="500" ind1=" " ind2=" ">
    <subfield code="a">Includes index</subfield>
  </datafield>
  <datafield tag="505" ind1="0" ind2=" ">
    <subfield code="a">Stanzas on the death of Lord Byron -- To -- The autumn -- To Victoire, on her marriage -- Weariness -- Remonstrance -- The cry of the children -- Sleeping and watching -- A child's thought of God -- The sleep -- Tears -- Grief -- A thought for a lonely death-bed -- Pain in pleasure -- Discontent -- Life -- Love -- Cowper's grave -- Song of the rose -- Sonnets from the Portuguese : (extracts) -- Bereavement -- Past and future -- Work -- Casa Guidi windows : a poem (1851) : extract -- Aurora Leigh (1856). First book : (extract) -- Poems before Congress (1860). Christmas gifts ; A curse for a nation : (extract) -- Little Mattie -- My Kate -- My heart and I -- A musical instrument -- Parting lovers : (extract) -- Mother and poet : (extract)</subfield>
  </datafield>
  <datafield tag="700" ind1="1" ind2=" ">
    <subfield code="a">Sullivan, K. E</subfield>
  </datafield>
  <datafield tag="830" ind1=" " ind2="0">
    <subfield code="a">Illustrated poetry anthology</subfield>
  </datafield>
  <datafield tag="999" ind1=" " ind2=" ">
    <subfield code="c">5080</subfield>
    <subfield code="d">5080</subfield>
  </datafield>
  <datafield tag="952" ind1=" " ind2=" ">
    <subfield code="0">0</subfield>
    <subfield code="1">0</subfield>
    <subfield code="2">ddc</subfield>
    <subfield code="4">0</subfield>
    <subfield code="7">0</subfield>
    <subfield code="8">MAIN</subfield>
    <subfield code="a">RTCLIB</subfield>
    <subfield code="b">RTCLIB</subfield>
    <subfield code="c">MAIN</subfield>
    <subfield code="d">2018-11-27</subfield>
    <subfield code="g">150.00</subfield>
    <subfield code="h"> </subfield>
    <subfield code="i">2254</subfield>
    <subfield code="l">1</subfield>
    <subfield code="o">821.8 BRO</subfield>
    <subfield code="p">30002093</subfield>
    <subfield code="r">2024-08-27 00:00:00</subfield>
    <subfield code="s">2024-08-16</subfield>
    <subfield code="w">2018-11-27</subfield>
    <subfield code="y">MAIN</subfield>
  </datafield>
</record>
